000 00629nam a2200193Ii 4500
003 JO-AjNU
008 230606s9999||||xx |||||||||||||| ||und||
040 _aJO-AjNU
_beng
_erda
_cJO-AjNU
041 _aeng
050 1 4 _aHD9502.J65.2012
100 3 _aJordan . Ministry of energy and mineral resources,
_eauthor
_92990
245 0 0 _aAnnual raport: Ministry of energy and mineral resources
264 3 1 _aAmman, Ministry of Energy and Mineral Resources,2012
300 _a611p
336 _atext
_btxt
_2rdacontent
337 _aunmediated
_bn
_2rdamedia
338 _avolume
_bnc
_2rdacarrier
650 4 _aEnergy -- Jordan
_92991
999 _aE1568
_c1568
_d1568